000 00619nam a2200229Ia 4500
003 OSt
005 20220918204410.0
006 a|||||r|||| 00| 0
007 ta
008 220917b |||||||| |||| 00| 0 eng d
024 _a112,525
037 _cTextual
040 _aARTS
_cARTS
_beng
041 _2eng
_aeng
082 _aV53:21wM26, K7
100 _aBarker N N
_9111922
245 0 _aDistaff diplomacy
_b the empress Eugenie and the Foreign policy of the second empire
260 _c1967
650 _aHISTORY
942 _hV53:21wM26, K7
_cTEXL
_2CC
999 _c235874
_d235874